LEADER 01492nam a2200277 u 4500 001 000000076859 003 CaOOAMICUS 005 20070226123245.0 008 040107m19051915it a u000 u lat u 035 $a10980329 040 $aPUL(R)$bita 100 1 $aMaiocchi, Rodolfo,$csac.,$d1862-1924.$0(OLS)http://pul/name/9931 245 10$aCodex diplomaticus Ord. E. S. Augustini Papiae /$cSac. Rod. Maiocchi, Sac. Naz. Casacca.. 260 $aPapiae :$bex officina typographica C. Rossetti,$c1905-1915. 300 $a5 v. :$bill. ;$c35 cm 610 24$aAgostiniani.$0(OLS)http://pul/subject/9294 700 1 $aCasacca, Nazareno,$cO.E.S.A.,$d1867-$0(OLS)http://pul/name/13003 850 $aPUL 852 $aPUL$W1$xDP2 Filosofia 1$y62$m135 C 1$j193168$nBK-PRI$bv.1$qStampati$B98719$CPULBib$Z2$F98719 $81 852 $aPUL$W1$xDP2 Filosofia 1$y62$m135 C 2$j193169$nBK-PRI$bv.2$qStampati$B98720$CPULBib$Z2$F98720 $81 852 $aPUL$W1$xDP2 Filosofia 1$y62$m135 C 3$j193170$nBK-PRI$bv.3$qStampati$B98721$CPULBib$Z2$F98721 $81 852 $aPUL$W1$xDP2 Filosofia 1$y62$m135 C 4$j193171$nBK-PRI$bv.4$qStampati$B98722$CPULBib$Z2$F98722 $81 852 $aPUL$W1$xDP2 Filosofia 1$y62$m135 C 5$j193172$nBK-PRI$bv.5$qStampati$B98723$CPULBib$Z2$F98723 $81 941 1 $a8 996 $6245$aCodex diplomaticus Ord. E. S. Augustini Papiae$9(OLS)http://pul/title/100756 996 $6260$aPapiae :$bex officina typographica C. Rossetti$9(OLS)http://pul/publisher/74881 LEADER 01328nam a2200313 a 4500 001 000000138589 003 CaOOAMICUS 005 20140529112814.0 008 140529s2014 it u000 u ita r 020 $a978-88-598-1144-2 040 $aPUL$bita 082 04$a346.4502 100 1 $aCicero, Cristiano.$0(OLS)http://pul/name/66899 245 13$aLa transazione /$cCristiano Cicero. 260 $aTorino :$bUTET Giuridica,$cİ2014. 300 $aIX, 200 p. ;$c25 cm 490 1 $aTrattato di diritto civile. I singoli contratti ;$v09 504 $aBibliografia p. [171]-187. 650 4$aContratti$xDiritto privato$zItalia.$0(OLS)http://pul/subject/40444 650 4$aTransazione (diritto civile).$0(OLS)http://pul/subject/33206 830 0$aTrattato di diritto civile (UTET).$pI singoli contratti ;$v09.$0(OLS)http://pul/title/105797 850 $aPUL 852 $aPUL$W1$xSL Diritto e Scienze Sociali 3$y79$m346. 4502 CICCR 1$j159910$qDDC 21$B159409$CPULBib$Z2$F159409 $H124132 $82 941 1 $a9 996 $6020$a978-88-598-1144-2$9(OLS)http://pul/number/155385 996 $6082$a346.4502$9(OLS)http://pul/classification/1796 996 $6245$aLa transazione$9(OLS)http://pul/title/131308 996 $6260$aTorino :$bUTET Giuridica$9(OLS)http://pul/publisher/79191